000 00921nam a22001935i 4500
001 165233
003 ES-MaACL
005 20230906213107.0
008 050818s1866 sp | |||||||| ||spa d
040 _aCAM
_bspa
_cCAM
100 1 _aSerrano, Nicolás María.
_9132677
245 1 0 _aDiscurso leido en la Universidad Central /
_cpor Nicolás María Serrano, en el acto solemne de recibir la investidura de Doctor en Derecho, sección de Derecho Civil y Canónico.
260 _aMadrid :
_b[s.n.],
_c1866 (
_fImp. de Tejado, á cargo de R. Ludeña)
300 _a39 p. ;
_c24 cm.
500 _aEl tit. del discurso según consta en la antep. es: Exámen y juicio crítico acerca de los varios sistemas del orígen del derecho de propiedad y derechos que de ella se derivan.
650 4 _aPropiedad.
_916476
752 _aEspaña -
_dMadrid
852 _aES-MaACL
_jT-437-F-8
_z-- Enc. hol.
_z-- Enc. en un vol. facticio
999 _c165233
_d165233